القول الفلسفي للحداثة / (رقم التسجيلة. 86843)
[ عرض عادي ]
| 000 -الفاتح | |
|---|---|
| عناصر البيانات ثابتة الطول | 00871cam a2200241 i 4500 |
| 005 - تاريخ ووقت آخر معاملة | |
| حقل ضبط | 20251108172724.0 |
| 008 - عناصر البيانات ثابتة الطول | |
| عناصر البيانات ثابتة الطول | 250721s1995 sy gr 000 0 ara d |
| 041 1# - كود اللغة | |
| كود اللغة لنص/مسار صوت أو عنوان منفصل | ara |
| كود اللغة للأصل | fre |
| -- | ger |
| 082 14 - رقم تصنيف ديوي العشري | |
| رقم التصنيف | 146 |
| رقم المادة | ه ب ر |
| 100 1# - مدخل رئيسي – اسم شخصي | |
| الاسم الشخصي | هبرماس |
| علاقة الشخص بالعمل/ دوره | مؤلف. |
| 240 10 - عنوان مقنن | |
| عنوان مقنن | der philosophische diskurs der modern. |
| 245 12 - بيان العنوان | |
| العنوان | القول الفلسفي للحداثة / |
| بيان المسؤولية | هبرماس ؛ ترجمة د. فاطمة الجيوشي. |
| 264 1# - بيانات النشر، التوزيع…إلخ | |
| مكان النشر، التوزيع...إلخ | دمشق : |
| اسم الناشر، الموزع...إلخ | وزارة الثقافة السورية، |
| تاريخ النشر، التوزيع...إلخ | 1995. |
| 300 ## - الوصف المادي | |
| عدد الوحدات المكونة للوعاء | 450 صفحة. |
| 490 1# - بيان السلسلة | |
| عنوان السلسلة | دراسات فلسفية ؛ |
| رقم الوعاء في السلسلة | رقم 17. |
| 650 17 - مدخل إضافي بالموضوع - مصطلح موضوعي | |
| مصطلح موضوعي أو اسم جغرافي كعنصر مدخل | المدارس الفلسفية. |
| 650 17 - مدخل إضافي بالموضوع - مصطلح موضوعي | |
| مصطلح موضوعي أو اسم جغرافي كعنصر مدخل | المادية. |
| 650 17 - مدخل إضافي بالموضوع - مصطلح موضوعي | |
| مصطلح موضوعي أو اسم جغرافي كعنصر مدخل | التغير الإجتماعي. |
| 700 1# - مدخل إضافي - اسم شخصي | |
| الاسم الشخصي | الجيوشي، فاطمة |
| علاقة الشخص بالعمل/ دوره | مترجم. |
| 830 #0 - مدخل إضافي بالسلسلة-عنوان مقنن | |
| عنوان السلسسلة | دراسات فلسفية. |
| 942 ## - بيانات إضافية (كوها) | |
| نوع التنصيف | Dewey Decimal Classification |
| نوع المادة (كوها) | كتب |
| حالة السحب | حالة الفقدان | مصدر التصنيف | حالة التلف | غير قابل للإعارة | المكتبة الرئيسية | المكتبة الحالية | موقع الرف | تاريخ التزويد | الرقم المتسلسل | Total Checkouts | رقم الإستدعاء | الباركود | تاريخ آخر ظهور | تاريخ الفاتورة | نوع المادة (كوها) |
|---|---|---|---|---|---|---|---|---|---|---|---|---|---|---|---|
| Dewey Decimal Classification | المكتبة المركزية | المكتبة المركزية | الإعارة | 28/07/2025 | 615439 | 146 / ه ب ر | 615439 | 28/07/2025 | 28/07/2025 | كتب |